| 000 | 00502nam a2200133 4500 | ||
|---|---|---|---|
| 008 | 0 1995 0a 000 0MEX | ||
| 050 | _aTK153 G633 1995 | ||
| 082 | _a621.477 G643d | ||
| 100 | _aGomez Ceron, Alejandro | ||
| 245 | _aDiseƱo y construccion de un horno solar / Alejandro Gomez Ceron | ||
| 300 | _a68 p. / 23 cm. | ||
| 502 | _a(Ing. Electromecanica) - Instituto Tecnologico de Zacatepec - Ing. Roman Hernandez Aguirre | ||
| 650 | _a1.FUNCIONAMIENTO TERMICO \ 2.RAZON DE CONCENTRACION | ||
| 999 |
_c18137 _d18137 |
||